Detalles MARC
| 000 -LIDER |
| fixed length control field |
01420nam a2200325 a 4500 |
| 001 - NÚMERO DE CONTROL |
| Identificador de número de control |
000044385 |
| 003 - IDENTIFICACDOR DE NÚMERO DE CONTROL |
| control field |
DO-SdBNP |
| 005 - DATE AND TIME OF LATEST TRANSACTION |
| control field |
20180328091509.0 |
| 007 - CAMPOS FIJOS DE DESCRIPCIÓN FÍSICA |
| fixed length control field |
000044385 |
| 008 - ELEMENTOS DE LONGITUD FIJA |
| fixed length control field |
140626s2009 dr a 000 0 spa d |
| 020 ## - ISBN |
| International Standard Book Number |
9789945406740 |
| 040 ## - FUENTE DE CATALOGACIÓN |
| Agencia que crea de manera original el registro |
BPMSU |
| Idioma de catalogación |
spa |
| Agencia que realiza la transcripción |
BPMSU |
| 092 ## - LOCALLY ASSIGNED DEWEY DECIMAL CALL NUMBER |
| Número de clasificación |
RD863.42 |
| Número de ítem (Cutter) |
H519c, 2009 |
| 100 1# - ASIENTO PRINCIPAL -- NOMBRE PERSONAL |
| Nombre personal |
Henríquez Ureña, Pedro, |
| Fechas asociadas con el nombre |
1884-1946. |
| 245 14 - MENCIÓN DE TITULO |
| Título |
Los cuentos de la nana Lupe / |
| Mención de responsabilidad |
Pedro Henríquez Ureña ; ilustraciones Braulio Brito Martínez ...[et al.]. |
| 250 ## - MENCIÓN DE EDICION |
| Mención de edición |
3a ed. |
| 260 ## - PUBLICACIÓN, DISTRIBUCIÓN, ETC. (PIE DE IMPRENTA) |
| Lugar de publicación, distribución, etc |
Santo Domingo : |
| Nombre del editor, distribuidor, etc. |
Fondo Editorial, |
| Fecha de publicación, distribución, etc |
2009 |
| 300 ## - DESCRIPCIÓN FÍSICA |
| Extensión |
188 P. : |
| Otros detalles físicos |
il. ; |
| Dimensiones |
22 cm. |
| 490 ## - MENCIÓN DE SERIES |
| Mención de serie |
Biblioteca juvenil Tobogán |
| Volume/sequential designation |
; 3 |
| 505 0# - NOTA DE CONTENIDO |
| Título |
Presentación -- |
| -- |
Pedro Henríquez Ureña -- |
| -- |
En los volcanes -- |
| -- |
El jauja -- |
| -- |
Con las brujas -- |
| -- |
Con las hormigas y la cigarra -- |
| -- |
Con el cuervo y el coyote -- |
| -- |
Con las ranas -- |
| -- |
Con el León -- |
| -- |
Con el camello -- |
| -- |
Con el perro -- |
| -- |
Con el corderito -- |
| -- |
Con el gallo y la gallinas -- |
| -- |
Con el zorro azul -- |
| -- |
Con la cigüeña -- |
| -- |
Con el burro -- |
| -- |
Con el burro y el ratón -- |
| 650 #4 - ENCABEZAMIENTO DE MATERIA--TEMÁTICO |
| Término temático o nombre geográfico como elemento de entrada |
CUENTOS INFANTILES DOMINICANOS |
| 650 #4 - ENCABEZAMIENTO DE MATERIA--TEMÁTICO |
| Término temático o nombre geográfico como elemento de entrada |
LITERATURA INFANTIL DOMINICANA |
| 700 12 - ASIENTO SECUNDARIO -- NOMBRE PERSONAL |
| Nombre personal |
Brito Martínez, Braulio |
| Mención de responsabilidad |
il. |
| 830 ## - ASIENTO SECUNDARIO DE SERIE--TÍTULO UNIFORME |
| Nombre de la parte o sección de una obra |
Biblioteca juvenil Tobogán |
| 852 ## - LOCALIZACIÓN |
| Código de país |
3 |
| 910 ## - VALIDACIÓN |
| Validación |
Validado. Control de calidad MFF |
| 942 ## - ADDED ENTRY ELEMENTS (KOHA) |
| Source of classification or shelving scheme |
Dewey Decimal Classification |
| Koha item type |
Libros |
| 945 ## - INFORMACIÓN DE PROCESAMIENTO LOCAL |
| Información de procesamiento local |
Remanejado para la BNPHU / VM 2018 |
| 956 ## - LOCAL ELECTRONIC LOCATION AND ACCESS (OCLC) |
| Nombre de host |
VMATEO |
| Número de acceso |
10 |
| Información de compresión |
20150918 |
| Inicio de sesión |
BPMSU |
| Procesador de solicitud |
00151 |